Bangsawan dan kuasa : kembalinya para ningrat di dua kota
| Main Author: | Dwipayana, A. A. G. N. Ari |
|---|---|
| Published: |
Yogyakarta:
IRE Press,
2004.
|
| Subjects: |
| LEADER | 00530cam a2200145 7i4500 | ||
|---|---|---|---|
| 001 | 0000052533 | ||
| 005 | 20190506090000.0 | ||
| 020 | |a 9799818117 (pbk.) | ||
| 090 | 0 | 0 | |a PL5223.B3 |b D95 2004 |
| 100 | 1 | |a Dwipayana, A. A. G. N. Ari | |
| 245 | 1 | 0 | |a Bangsawan dan kuasa : |b kembalinya para ningrat di dua kota |c A.A. G.N. Ari Dwipayana. |
| 260 | |a Yogyakarta: |b IRE Press, |c 2004. | ||
| 300 | |a xi, 173 p.: |b ill.; |c 21 cm. | ||
| 650 | 0 | 0 | |a Bangsawan -- |x History and criticism -- |z Indonesia |
| 999 | |a 0000066885 |b BOK |c OPEN SHELF |e 1st Floor, Bestari Jaya | ||


